{"text_format":"3","workbook":"xlsx","n_sheets":1,"sheets":["t527"],"read":"whole","date_system":"1900"}

{"sheet":"t527","index":0,"n_rows":204,"n_cols":7,"rows_kept":204,"merged":[[0,0,0,6],[28,0,28,5],[45,0,45,5],[161,0,161,5]]}
["TABELA 527.1 - Estatísticas Agrícolas, Município de Santo Anastácio, Estado de São Paulo, 2016/17."]
["ITEM","UNIDADE","N.DE UPAs","MÍNIMO","MÉDIO","MÁXIMO","TOTAL"]
["Distância à sede do município","km",789,0.1,{"v":11.54,"d":"11.5"},{"v":50,"d":"50.0"},"-"]
["Área total","hectare",789,0.2,{"v":66.92,"d":"66.9"},{"v":3718.1,"d":"3,718.1"},{"v":52801.76,"d":"52,801.8"}]
["Área com cultura perene","hectare",110,0.1,{"v":0.73,"d":"0.7"},16.9,80.2]
["Área com cultura temporária","hectare",121,0.1,46.3,653.4,{"v":5602.2,"d":"5,602.2"}]
["Área com pastagem","hectare",762,0.1,{"v":55.44,"d":"55.4"},{"v":3345.1,"d":"3,345.1"},{"v":42248.3,"d":"42,248.3"}]
["Área com reflorestamento","hectare",70,0.1,{"v":3.66,"d":"3.7"},22.2,{"v":256,"d":"256.0"}]
["Área com vegetação natural","hectare",385,0.1,{"v":9.13,"d":"9.1"},338.8,{"v":3515.55,"d":"3,515.6"}]
["Área com vegetação de brejo e várzea","hectare",155,0.1,{"v":4.42,"d":"4.4"},{"v":150,"d":"150.0"},684.9]
["Área em descanso","hectare",6,0.1,{"v":2.82,"d":"2.8"},{"v":8,"d":"8.0"},16.9]
["Área complementar","hectare",581,0.1,{"v":0.68,"d":"0.7"},{"v":30,"d":"30.0"},{"v":397.71,"d":"397.7"}]
["Área das UPAs com (0, 1] ha","hectare",1,0.2,0.2,0.2,0.2]
["Área das UPAs com (1, 2] ha","hectare",9,1.1,1.6,{"v":2,"d":"2.0"},14.4]
["Área das UPAs com (2, 5] ha","hectare",91,2.1,{"v":3.53,"d":"3.5"},4.9,{"v":321,"d":"321.0"}]
["Área das UPAs com (5, 10] ha","hectare",94,5.2,{"v":7.59,"d":"7.6"},{"v":10,"d":"10.0"},713.2]
["Área das UPAs com (10, 20] ha","hectare",148,10.1,{"v":14.09,"d":"14.1"},19.9,{"v":2085.85,"d":"2,085.9"}]
["Área das UPAs com (20, 50] ha","hectare",228,20.1,{"v":32.14,"d":"32.1"},{"v":50,"d":"50.0"},{"v":7327.5,"d":"7,327.5"}]
["Área das UPAs com (50, 100] ha","hectare",102,50.8,{"v":69.57,"d":"69.6"},99.2,{"v":7096.1,"d":"7,096.1"}]
["Área das UPAs com (100, 200] ha","hectare",60,100.9,{"v":135.85,"d":"135.9"},196.2,{"v":8151,"d":"8,151.0"}]
["Área das UPAs com (200, 500] ha","hectare",47,205.7,{"v":343.69,"d":"343.7"},497.3,{"v":16153.31,"d":"16,153.3"}]
["Área das UPAs com (500, 1.000] ha","hectare",6,{"v":522,"d":"522.0"},{"v":653.87,"d":"653.9"},969.4,{"v":3923.2,"d":"3,923.2"}]
["Área das UPAs com (1.000, 2.000] ha","hectare",2,{"v":1511.7,"d":"1,511.7"},{"v":1648.95,"d":"1,649.0"},{"v":1786.2,"d":"1,786.2"},{"v":3297.9,"d":"3,297.9"}]
["Área das UPAs com (2.000, 5.000] ha","hectare",1,{"v":3718.1,"d":"3,718.1"},{"v":3718.1,"d":"3,718.1"},{"v":3718.1,"d":"3,718.1"},{"v":3718.1,"d":"3,718.1"}]
["Área das UPAs com (5.000, 10.000] ha","hectare","-","-","-","-","-"]
["Área das UPAs acima de 10.000 ha","hectare","-","-","-","-","-"]
["Fonte: Secretaria de Agricultura e Abastecimento, CDRS/IEA, Projeto LUPA."]
[]
["TABELA 527.2 - Explorações Animais, Município de Santo Anastácio, Estado de São Paulo, 2016/17."]
["ITEM","UNIDADE","N.DE UPAs","MÍNIMO","MÉDIO","MÁXIMO","TOTAL"]
["Apicultura","colmeias",2,{"v":1,"d":"1.0"},{"v":6,"d":"6.0"},{"v":11,"d":"11.0"},{"v":12,"d":"12.0"}]
["Asininos e muares","cabecas",26,{"v":1,"d":"1.0"},2.5,{"v":20,"d":"20.0"},{"v":65,"d":"65.0"}]
["Avicultura de corte","cabecas/ano",5,{"v":20,"d":"20.0"},{"v":44,"d":"44.0"},{"v":100,"d":"100.0"},{"v":220,"d":"220.0"}]
["Avicultura ornamental/decorativa/exotica","cabecas",4,{"v":25,"d":"25.0"},{"v":56.25,"d":"56.3"},{"v":80,"d":"80.0"},{"v":225,"d":"225.0"}]
["Avicultura para ovos","cabecas",1,{"v":50,"d":"50.0"},{"v":50,"d":"50.0"},{"v":50,"d":"50.0"},{"v":50,"d":"50.0"}]
["Bovinocultura de corte","cabecas",456,{"v":1,"d":"1.0"},{"v":127.02,"d":"127.0"},{"v":4200,"d":"4,200.0"},{"v":57920,"d":"57,920.0"}]
["Bovinocultura leiteira","cabecas",59,{"v":2,"d":"2.0"},{"v":52.71,"d":"52.7"},{"v":400,"d":"400.0"},{"v":3110,"d":"3,110.0"}]
["Bovinocultura mista","cabecas",137,{"v":2,"d":"2.0"},{"v":42.73,"d":"42.7"},{"v":400,"d":"400.0"},{"v":5854,"d":"5,854.0"}]
["Caprinocultura","cabecas",3,{"v":35,"d":"35.0"},{"v":71.67,"d":"71.7"},{"v":130,"d":"130.0"},{"v":215,"d":"215.0"}]
["Equinocultura","cabecas",362,{"v":1,"d":"1.0"},3.6,{"v":60,"d":"60.0"},{"v":1303,"d":"1,303.0"}]
["Ovinocultura","cabecas",15,{"v":3,"d":"3.0"},{"v":35.13,"d":"35.1"},{"v":150,"d":"150.0"},{"v":527,"d":"527.0"}]
["Piscicultura","m2 tanques",3,{"v":500,"d":"500.0"},{"v":3500,"d":"3,500.0"},{"v":5000,"d":"5,000.0"},{"v":10500,"d":"10,500.0"}]
["Suinocultura","cabecas",25,{"v":2,"d":"2.0"},{"v":7.48,"d":"7.5"},{"v":26,"d":"26.0"},{"v":187,"d":"187.0"}]
["Fonte: Secretaria de Agricultura e Abastecimento, CDRS/IEA, Projeto LUPA."]
[]
["TABELA 527.3 -  Máquinas, Implementos e Benfeitorias, Município de Santo Anastácio, Estado de São Paulo, 2016/17."]
["ITEM","UNIDADE","N.DE UPAs","MÍNIMO","MÉDIO","MÁXIMO","TOTAL"]
["Arado comum (bacia, aiveca)","unidade",131,{"v":1,"d":"1.0"},{"v":1.49,"d":"1.5"},{"v":6,"d":"6.0"},{"v":195,"d":"195.0"}]
["Arado escarificador","unidade",19,{"v":1,"d":"1.0"},{"v":1.32,"d":"1.3"},{"v":3,"d":"3.0"},{"v":25,"d":"25.0"}]
["Arado subsolador","unidade",39,{"v":1,"d":"1.0"},{"v":1,"d":"1.0"},{"v":1,"d":"1.0"},{"v":39,"d":"39.0"}]
["Batedeira de cereais","unidade",35,{"v":1,"d":"1.0"},{"v":1.14,"d":"1.1"},{"v":3,"d":"3.0"},{"v":40,"d":"40.0"}]
["Camara fria","unidade",1,{"v":1,"d":"1.0"},{"v":1,"d":"1.0"},{"v":1,"d":"1.0"},{"v":1,"d":"1.0"}]
["Carreta de trator","unidade",105,{"v":1,"d":"1.0"},{"v":1.51,"d":"1.5"},{"v":8,"d":"8.0"},{"v":159,"d":"159.0"}]
["Colhedeira acoplada","unidade",23,{"v":1,"d":"1.0"},2.3,{"v":20,"d":"20.0"},{"v":53,"d":"53.0"}]
["Colhedeira automotriz","unidade",10,{"v":1,"d":"1.0"},1.8,{"v":5,"d":"5.0"},{"v":18,"d":"18.0"}]
["Computador","unidade",4,{"v":1,"d":"1.0"},{"v":1,"d":"1.0"},{"v":1,"d":"1.0"},{"v":4,"d":"4.0"}]
["Conj.irrigacao convencional","unidade",9,{"v":1,"d":"1.0"},{"v":1,"d":"1.0"},{"v":1,"d":"1.0"},{"v":9,"d":"9.0"}]
["Conj.irrigacao pivot central","unidade",3,{"v":1,"d":"1.0"},{"v":2.33,"d":"2.3"},{"v":3,"d":"3.0"},{"v":7,"d":"7.0"}]
["Conj.irrigacao/gotejamento/microaspersao","unidade",3,{"v":1,"d":"1.0"},{"v":1.33,"d":"1.3"},{"v":2,"d":"2.0"},{"v":4,"d":"4.0"}]
["Conjunto de fenacao","unidade",15,{"v":1,"d":"1.0"},1.4,{"v":5,"d":"5.0"},{"v":21,"d":"21.0"}]
["Desintegrador de palha (plantio direto)","unidade",2,{"v":1,"d":"1.0"},{"v":1,"d":"1.0"},{"v":1,"d":"1.0"},{"v":2,"d":"2.0"}]
["Desintegrador, picador, triturador","unidade",140,{"v":1,"d":"1.0"},{"v":1.05,"d":"1.1"},{"v":3,"d":"3.0"},{"v":147,"d":"147.0"}]
["Distribuidor de calcario","unidade",69,{"v":1,"d":"1.0"},{"v":1.16,"d":"1.2"},{"v":4,"d":"4.0"},{"v":80,"d":"80.0"}]
["Embarcação","unidade",3,{"v":1,"d":"1.0"},{"v":1,"d":"1.0"},{"v":1,"d":"1.0"},{"v":3,"d":"3.0"}]
["Ensiladeira","unidade",33,{"v":1,"d":"1.0"},{"v":1.18,"d":"1.2"},{"v":3,"d":"3.0"},{"v":39,"d":"39.0"}]
["Grade aradora (tipo romi)","unidade",87,{"v":1,"d":"1.0"},{"v":1.23,"d":"1.2"},{"v":7,"d":"7.0"},{"v":107,"d":"107.0"}]
["Grade niveladora","unidade",111,{"v":1,"d":"1.0"},{"v":1.28,"d":"1.3"},{"v":5,"d":"5.0"},{"v":142,"d":"142.0"}]
["Implementos para tracao animal","unidade",46,{"v":1,"d":"1.0"},{"v":1.72,"d":"1.7"},{"v":6,"d":"6.0"},{"v":79,"d":"79.0"}]
["Misturador de racao","unidade",23,{"v":1,"d":"1.0"},{"v":1.04,"d":"1.0"},{"v":2,"d":"2.0"},{"v":24,"d":"24.0"}]
["Mmicrotrator","unidade",3,{"v":1,"d":"1.0"},{"v":1,"d":"1.0"},{"v":1,"d":"1.0"},{"v":3,"d":"3.0"}]
["Ordenhadeira mecanica","unidade",28,{"v":1,"d":"1.0"},{"v":1.07,"d":"1.1"},{"v":2,"d":"2.0"},{"v":30,"d":"30.0"}]
["Pulverizador tratorizado","unidade",72,{"v":1,"d":"1.0"},{"v":1.29,"d":"1.3"},{"v":7,"d":"7.0"},{"v":93,"d":"93.0"}]
["Resfriador de leite, tanque expansao","unidade",25,{"v":1,"d":"1.0"},{"v":1.12,"d":"1.1"},{"v":2,"d":"2.0"},{"v":28,"d":"28.0"}]
["Retroescavadeira","unidade",1,{"v":1,"d":"1.0"},{"v":1,"d":"1.0"},{"v":1,"d":"1.0"},{"v":1,"d":"1.0"}]
["Roçadeira tratorizada","unidade",3,{"v":1,"d":"1.0"},{"v":1,"d":"1.0"},{"v":1,"d":"1.0"},{"v":3,"d":"3.0"}]
["Roçadora","unidade",74,{"v":1,"d":"1.0"},1.2,{"v":3,"d":"3.0"},{"v":89,"d":"89.0"}]
["Semeadeira/adubadeira para plantio convencional","unidade",73,{"v":1,"d":"1.0"},{"v":1.16,"d":"1.2"},{"v":4,"d":"4.0"},{"v":85,"d":"85.0"}]
["Semeadeira/plantadeira plantio direto","unidade",21,{"v":1,"d":"1.0"},{"v":1.29,"d":"1.3"},{"v":4,"d":"4.0"},{"v":27,"d":"27.0"}]
["Tecnologias de gps para controle de máquinas","unidade",2,{"v":2,"d":"2.0"},2.5,{"v":3,"d":"3.0"},{"v":5,"d":"5.0"}]
["Terraceador","unidade",22,{"v":1,"d":"1.0"},{"v":1.05,"d":"1.1"},{"v":2,"d":"2.0"},{"v":23,"d":"23.0"}]
["Trator de esteiras","unidade",4,{"v":1,"d":"1.0"},{"v":1,"d":"1.0"},{"v":1,"d":"1.0"},{"v":4,"d":"4.0"}]
["Trator de pneus  acima de 85 cv","unidade",42,{"v":1,"d":"1.0"},{"v":1.48,"d":"1.5"},{"v":5,"d":"5.0"},{"v":62,"d":"62.0"}]
["Trator de pneus até 65 cv","unidade",104,{"v":1,"d":"1.0"},{"v":1.24,"d":"1.2"},{"v":5,"d":"5.0"},{"v":129,"d":"129.0"}]
["Trator de pneus de 66 cv a 85 cv","unidade",103,{"v":1,"d":"1.0"},{"v":1.61,"d":"1.6"},{"v":15,"d":"15.0"},{"v":166,"d":"166.0"}]
["Acude/represa","unidade",303,{"v":1,"d":"1.0"},{"v":1.97,"d":"2.0"},{"v":15,"d":"15.0"},{"v":597,"d":"597.0"}]
["Alambique","unidade",1,{"v":1,"d":"1.0"},{"v":1,"d":"1.0"},{"v":1,"d":"1.0"},{"v":1,"d":"1.0"}]
["Almoxarifado/oficina","unidade",14,{"v":1,"d":"1.0"},{"v":1.21,"d":"1.2"},{"v":3,"d":"3.0"},{"v":17,"d":"17.0"}]
["Armazem para graos ensacados","sacas",14]
["Balanca para bovinos","unidade",48,{"v":1,"d":"1.0"},{"v":1,"d":"1.0"},{"v":1,"d":"1.0"},{"v":48,"d":"48.0"}]
["Balanca para veiculos","unidade",5,{"v":1,"d":"1.0"},1.2,{"v":2,"d":"2.0"},{"v":6,"d":"6.0"}]
["Barracao/galpao/garagem","unidade",241,{"v":1,"d":"1.0"},{"v":1.36,"d":"1.4"},{"v":7,"d":"7.0"},{"v":328,"d":"328.0"}]
["Casa de moradia habitada","unidade",314,{"v":1,"d":"1.0"},{"v":1.35,"d":"1.4"},{"v":7,"d":"7.0"},{"v":423,"d":"423.0"}]
["Casa de moradia total","unidade",545,{"v":1,"d":"1.0"},1.6,{"v":12,"d":"12.0"},{"v":871,"d":"871.0"}]
["Curral/mangueira","unidade",482,{"v":1,"d":"1.0"},{"v":1.03,"d":"1.0"},{"v":4,"d":"4.0"},{"v":496,"d":"496.0"}]
["Deposito/tulha","unidade",292,{"v":1,"d":"1.0"},{"v":1.13,"d":"1.1"},{"v":4,"d":"4.0"},{"v":331,"d":"331.0"}]
["Engenho","unidade",1,{"v":1,"d":"1.0"},{"v":1,"d":"1.0"},{"v":1,"d":"1.0"},{"v":1,"d":"1.0"}]
["Estabulo","unidade",5,{"v":1,"d":"1.0"},2.4,{"v":8,"d":"8.0"},{"v":12,"d":"12.0"}]
["Estufa/plasticultura","m2",1]
["Fabrica de racao","unidade",3,{"v":1,"d":"1.0"},{"v":1,"d":"1.0"},{"v":1,"d":"1.0"},{"v":3,"d":"3.0"}]
["Instalacoes para equinos","unidade",5,{"v":1,"d":"1.0"},4.6,{"v":12,"d":"12.0"},{"v":23,"d":"23.0"}]
["Maquina de beneficio","unidade",1,{"v":1,"d":"1.0"},{"v":1,"d":"1.0"},{"v":1,"d":"1.0"},{"v":1,"d":"1.0"}]
["Pocilga","unidade",7,{"v":1,"d":"1.0"},{"v":2.29,"d":"2.3"},{"v":5,"d":"5.0"},{"v":16,"d":"16.0"}]
["Poco semi-artesiano","unidade",256,{"v":1,"d":"1.0"},{"v":1.05,"d":"1.1"},{"v":5,"d":"5.0"},{"v":269,"d":"269.0"}]
["Silo para graos","ton",1]
["Silo para silagem","ton",20]
["Terreiro","m2",5]
["Usina de acucar/destilaria","unidade",1,{"v":1,"d":"1.0"},{"v":1,"d":"1.0"},{"v":1,"d":"1.0"},{"v":1,"d":"1.0"}]
["Fonte: Secretaria de Agricultura e Abastecimento, CDRS/IEA, Projeto LUPA."]
[]
["TABELA 527.4 - Outras Estatísticas Agrícolas, Município de Santo Anastácio, Estado de São Paulo, 2016/17."]
["ITEM","Número de UPAs",null,"Percentual"]
["Faz Parte de Associação de Produtores",64,null,{"v":8.111533586818757,"d":"8.1"}]
["Faz Parte de Cooperativa de Produtores",109,null,{"v":13.814955640050698,"d":"13.8"}]
["Faz Parte do Sindicato de Produtores",111,null,{"v":14.068441064638783,"d":"14.1"}]
["Não utiliza assistência técnica ",252,null,{"v":31.93916349809886,"d":"31.9"}]
["Utiliza somente assistência técnica governamental ",402,null,{"v":50.950570342205324,"d":"51.0"}]
["Utiliza somente assistência técnica privada ",27,null,{"v":3.4220532319391634,"d":"3.4"}]
["Utiliza assistência técnica tanto governamental quanto privada",108,null,{"v":13.688212927756652,"d":"13.7"}]
["Utiliza Crédito Rural",121,null,{"v":15.335868187579212,"d":"15.3"}]
["Utiliza Seguro Rural",49,null,{"v":6.210392902408112,"d":"6.2"}]
["Utiliza Escrituração Agrícola",709,null,{"v":89.86058301647654,"d":"89.9"}]
["Acessa Internet p/ Fins na Agropecuária",99,null,{"v":12.547528517110267,"d":"12.5"}]
["Utiliza Computador nas Atividades Agropecuárias",69,null,{"v":8.745247148288973,"d":"8.7"}]
["Utiliza Energia Elétrica Para Uso na Atividade Agrícola",607,null,{"v":76.93282636248415,"d":"76.9"}]
["Utiliza Energia Alternativa",2,null,{"v":0.2534854245880862,"d":"0.3"}]
["Realiza Análise de Solo, quando necessário",122,null,{"v":15.462610899873258,"d":"15.5"}]
["Realiza Calagem",120,null,{"v":15.209125475285171,"d":"15.2"}]
["Utiliza Práticas de Conservação de Solo, quando necessário",576,null,{"v":73.00380228136882,"d":"73.0"}]
["Faz Adubação Mineral, quando necessário",253,null,{"v":32.0659062103929,"d":"32.1"}]
["Faz Adubação Orgânica, quando necessário",68,null,{"v":8.61850443599493,"d":"8.6"}]
["Faz Adubação Verde, quando necessário",17,null,{"v":2.1546261089987326,"d":"2.2"}]
["Utiliza Manejo Integrado de Pragas (MIP)","-",null,"-"]
["Utiliza Hidroponia","-",null,"-"]
["Utiliza Cultivo em Estufa","-",null,"-"]
["Utiliza Mudas Fiscalizadas",61,null,{"v":7.731305449936629,"d":"7.7"}]
["Utiliza Semente Melhorada",567,null,{"v":71.86311787072243,"d":"71.9"}]
["Faz Confinamento de Bovinos",13,null,{"v":1.6476552598225602,"d":"1.6"}]
["Utiliza Pastejo Intensivo",41,null,{"v":5.1964512040557675,"d":"5.2"}]
["Faz Inseminação Artificial",27,null,{"v":3.422053231939164,"d":"3.4"}]
["Faz Mineralização do Rebanho",611,null,{"v":77.43979721166032,"d":"77.4"}]
["Faz Vermifugação do Rebanho",609,null,{"v":77.18631178707224,"d":"77.2"}]
["Possui Parceiros /Arrendatários na Exploração Animal",156,null,{"v":19.771863117870723,"d":"19.8"}]
["Existência de trabalhadores c/ deficiência na UPA",7,null,{"v":0.8871989860583017,"d":"0.9"}]
["Esporte e lazer","-",null,"-"]
["Extração mineral","-",null,"-"]
["Hotel Fazenda, Pousada ou SPA","-",null,"-"]
["Pesque-pague","-",null,"-"]
["Restaurante ou Lanchonete",1,null,{"v":0.1267427122940431,"d":"0.1"}]
["Transformação artesanal","-",null,"-"]
["Turismo rural ou ecoturismo","-",null,"-"]
["Outras atividades econômicas rurais",1,null,{"v":0.1267427122940431,"d":"0.1"}]
["Agroindústria",1,null,{"v":0.1267427122940431,"d":"0.1"}]
["Proprietário sem instrução ou com instrução incompleta",8,null,{"v":1.0139416983523448,"d":"1.0"}]
["Proprietário com antigo primário completo",218,null,{"v":27.629911280101396,"d":"27.6"}]
["Proprietário com 1° grau (ou antigo ginasial) completo",182,null,{"v":23.067173637515843,"d":"23.1"}]
["Proprietário com 2° grau (ou antigo colegial) completo",182,null,{"v":23.067173637515843,"d":"23.1"}]
["Proprietário com curso superior completo ",190,null,{"v":24.081115335868184,"d":"24.1"}]
["Pessoa Jurídica",9,null,{"v":1.140684410646388,"d":"1.1"}]
["Proprietário residente na própria UPA ",131,null,{"v":16.603295310519645,"d":"16.6"}]
["Fonte: Secretaria de Agricultura e Abastecimento, CDRS/IEA, Projeto LUPA."]
[]
["TABELA 527.5 - Área Cultivada, Município de Santo Anastácio, Estado de São Paulo, 2016/17."]
["CULTURA","N.DE UPAs","MÍNIMO","MÉDIO","MÁXIMO","TOTAL"]
["Braquiaria",751,0.1,{"v":54.53,"d":"54.5"},{"v":3345.1,"d":"3,345.1"},{"v":40950.8,"d":"40,950.8"}]
["Soja",19,{"v":13,"d":"13.0"},{"v":131.19,"d":"131.2"},{"v":500,"d":"500.0"},{"v":2492.7,"d":"2,492.7"}]
["Milho safra",49,1.2,{"v":47.23,"d":"47.2"},{"v":500,"d":"500.0"},{"v":2314.1,"d":"2,314.1"}]
["Cana-de-acucar finalidade industria",5,0.3,{"v":184.64,"d":"184.6"},387.2,923.2]
["Feijao",10,2.4,{"v":92.26,"d":"92.3"},376.5,922.6]
["Coloniao",22,{"v":1,"d":"1.0"},{"v":34.04,"d":"34.0"},{"v":200,"d":"200.0"},748.8]
["Gramas",27,{"v":1,"d":"1.0"},{"v":18.81,"d":"18.8"},{"v":100,"d":"100.0"},{"v":508,"d":"508.0"}]
["Milho-silagem",15,1.8,{"v":25.87,"d":"25.9"},76.2,388.1]
["Eucalipto",69,0.1,{"v":3.57,"d":"3.6"},22.2,{"v":246,"d":"246.0"}]
["Cana-de-acucar outras finalidades",23,0.1,{"v":7.48,"d":"7.5"},{"v":100,"d":"100.0"},{"v":172,"d":"172.0"}]
["Batata-doce",4,2.8,6.9,{"v":15,"d":"15.0"},27.6]
["Ervas medicinais e aromaticas",2,2.4,12.9,23.4,25.8]
["Capim-napier (ou capim-elefante)",2,1.2,{"v":12.85,"d":"12.9"},24.5,25.7]
["Coco-da-baia",3,{"v":2,"d":"2.0"},{"v":7.93,"d":"7.9"},16.9,23.8]
["Pomar domestico",98,0.1,{"v":0.22,"d":"0.2"},1.5,21.4]
["Manga",4,0.1,{"v":4.65,"d":"4.7"},8.5,18.6]
["Sorgo-forrageiro",1,{"v":15,"d":"15.0"},{"v":15,"d":"15.0"},{"v":15,"d":"15.0"},{"v":15,"d":"15.0"}]
["Alface",5,0.1,{"v":2.44,"d":"2.4"},{"v":9,"d":"9.0"},12.2]
["Seringueira",1,10.8,10.8,10.8,10.8]
["Outras florestais",3,{"v":3,"d":"3.0"},{"v":3.33,"d":"3.3"},{"v":4,"d":"4.0"},{"v":10,"d":"10.0"}]
["Milho 2 safra",1,6.5,6.5,6.5,6.5]
["Mandioca",7,0.5,{"v":0.79,"d":"0.8"},1.2,5.5]
["Cafe",4,0.1,{"v":0.78,"d":"0.8"},{"v":2,"d":"2.0"},3.1]
["Outras olericolas",3,0.1,0.9,2.4,2.7]
["Abobora (ou jerimum)",2,0.1,{"v":1.05,"d":"1.1"},{"v":2,"d":"2.0"},2.1]
["Caqui",3,0.1,0.4,{"v":1,"d":"1.0"},1.2]
["Banana",1,1.2,1.2,1.2,1.2]
["Cebolinha",3,0.1,{"v":0.13,"d":"0.1"},0.2,0.4]
["Brocolos (ou brocolis)",2,0.1,{"v":0.15,"d":"0.2"},0.2,0.3]
["Couve (ou couve-crespa)",2,0.1,{"v":0.15,"d":"0.2"},0.2,0.3]
["Quiabo",2,0.1,0.1,0.1,0.2]
["Pepino",1,0.1,0.1,0.1,0.1]
["Couve-flor",1,0.1,0.1,0.1,0.1]
["Cenoura",1,0.1,0.1,0.1,0.1]
["Tomate envarado",1,0.1,0.1,0.1,0.1]
["Feijao-de-corda",1,0.1,0.1,0.1,0.1]
["Feijao-vagem (ou vagem, ou feijao-verde)",1,0.1,0.1,0.1,0.1]
["Beterraba",1,0.1,0.1,0.1,0.1]
["Outras culturas temporárias",1,0.1,0.1,0.1,0.1]
["Limao",1,0.1,0.1,0.1,0.1]
["Fonte: Secretaria de Agricultura e Abastecimento, CDRS/IEA, Projeto LUPA."]